000 00466nam a2200133Ia 4500
008 100328s9999 xx 000 0 und d
082 _b3279
100 _aगांधी महात्मा
245 _aस्त्रियों की समस्याएँ
260 _bसाधना
630 _aस्त्रियों की समस्याएँ
730 _aस्त्रियों की समस्याएँ
942 _cBOOK
999 _c499423
_d499420